Top 10 Largest Cities in Barbados - Statistics

General Stats
  • This quiz has been taken 39 times
  • The average score is 3 of 10
Answer Stats
Population City % Correct
98,511 Bridgetown
100%
2,285 Oistins
50%
3,634 Speightstown
50%
1,350 Holetown
47%
1,765 Bathsheba
30%
935 Crane
13%
727 Crab Hill
10%
519 Hillaby
10%
623 Greenland
7%
623 Blackmans
3%
No matching quizzes found
Score Distribution
Percent of People with Each Score
Percentile by Number Answered
Your Score History
You have not taken this quiz